00725nam a22002052 4500001001100000005001700011008004100028020001700069040001500086100003400101245008200135260004900217300001600266650006200282852001500344908001100359950000600370999001700376952012600393000002549420151217154550.0151005s xx 000 0 eng d a1571050108 : aKABUcKABU1 aAbeyratne, R.I.R.@000018615710aLegal and regulatory issues in international aviation /cby R.I.R. Abeyratne. aNew York :bTransnational publishers,c1996. axxv, 486 p. 0aAeronautics, commercialxLaw and legislation.@00001815961 9p26500 KES a151005 @1 c11754d11754 00102lcc70aKABUbKABUd2015-12-17l5oK4115.4 .A24 1996 c. 1p020301r2025-02-20 12:58:13s2025-02-18w2015-12-17yBK